| 000 | 00535nam a2200181 a 4500 | ||
|---|---|---|---|
| 005 | 20240928063737.0 | ||
| 008 | 030310s2002 es r 000 0 spa d | ||
| 020 | _a843442648X | ||
| 035 | _aUPN01000122715 | ||
| 049 | _aCG | ||
| 050 | 4 |
_aHF5500 _bG4.7 |
|
| 245 | 0 | 0 |
_aGestión de la formación en las organizaciones / _ccoord. Pilar Pineda. |
| 260 |
_aBarcelona, Esp. : _bAriel, _c2002. |
||
| 650 | 4 |
_aEmpresas _xAdministración _9229 |
|
| 650 | 2 |
_aOrganización industrial _96170 |
|
| 700 | 1 |
_aPineda, Pilar, _ecoord. |
|
| 905 | _aLibro | ||
| 999 |
_c94898 _d94898 |
||